00607nam a22001697a 4500003000400000005001700004008004100021017004400062020001800106040002300124100002800147245009900175260003600274300002600310600003500336650006600371OSt20200305171853.0200305e201906 spc|||| |||| 0|0 0 spa|d aDL B 9049-2019bBiblioteca de Catalunya a9788499428284 aES-BaBCbcatcCDMR1 aGuallar, Amador,d1978-10aEn la tierra de Caínb: viaje al corazón de las tinieblas de Afganistán/cAmador Guallar aBarcelona :bPenínsula,c2019 a431 p. :bil ;c23 cm17aGuallar, Amador,d1978-2lemac 7aGuerra d'Afganistan, 2001-xRelats personals espanyols2lemac